000 00950cam a2200205 4500
001 WB3743-22
008 011114n2001 000 0 eng u
035 _a(Sirsi) u115600
245 _aCountryside Gallup poll
260 _c2001
490 _aGreen Futures
_v(31) November 2001, 11(1)
520 _aA Gallup poll reveals that 75% of those questioned would be prepared to live in high density housing, as long as it had a rural or village setting; 63% would consider edge of town living, whilst only 23% would be interested in high density housing in cities. Strutt & Parker, who commissioned the survey, says it shows the continuing popularity of the dream of living in the countryside. Strutt & Parker web site at http://www.struttandparker.co.uk
590 _aWB
650 _aHIGH DENSITY HOUSING
650 _aCOUNTRYSIDE
650 _aGALLUP POLL
650 _aGREENFIELD DEVELOPMENT
690 _aHOUSING-DEVELOPMENT
942 _n0
999 _c68851
_d68851